Guía mundial de viajes de buceo : 4, 000 bases de buceo en los lugares más bellos de la tierra /

La obra presenta un banco de información acerca de las principales bases y escuelas de buceo, distribuidas en 148 países. La información está ordenada alfabéticamente por países y contiene: capital, moneda, habitantes, visado, sentido del tráfico, corriente eléctrica, situación geográfica, embajadas...

Cijeli opis

Spremljeno u:
Bibliografski detalji
Glavni autor: Sedelmaier, Wolfgang (autor)
Format: Knjiga
Jezik:španjolski
Izdano: Barcelona, España : Paidotribo, 2003, c2003
Teme:
Oznake: Dodaj oznaku
Bez oznaka, Budi prvi tko označuje ovaj zapis!

MARC

LEADER 00000nam^a2200000^a^4500
001 000166572
005 20250521000000.0
009 20260310101056.445
020 |a 84-8019-707-2 
037 |a Acervo ITESO - Biblioteca 
041 |a ESP 
082 |a 797. 23  |b SED 
100 |a Sedelmaier, Wolfgang  |e (autor) 
245 1 0 |a Guía mundial de viajes de buceo :  |b 4, 000 bases de buceo en los lugares más bellos de la tierra /  |c W. Sedelmaier ; tr. por Eva Nieto Silva. 
264 4 |a Barcelona, España :  |b Paidotribo,  |c 2003, c2003 
300 |a 726 p. 
336 |a texto  |b txt  |2 rdacontenido 
337 |a sin mediación  |b n  |2 rdamedio 
338 |a volumen  |b nc  |2 rdasoporte 
500 |a Traducción de: Welt-TauchrieseFührer 
520 |a La obra presenta un banco de información acerca de las principales bases y escuelas de buceo, distribuidas en 148 países. La información está ordenada alfabéticamente por países y contiene: capital, moneda, habitantes, visado, sentido del tráfico, corriente eléctrica, situación geográfica, embajadas, clima, aeropuertos internacionales, zonas de buceo, seguridad para el buceo, organizaciones de buceo y fauna. 
649 |a XX 
650 |a Buceo 
650 |a Playas 
650 |a Bahías 
650 |a Costas 
650 |a Puertos 
650 |a Centros Turísticos 
650 |a Guías Turísticas 
650 |a Turismo 
650 |a Deportes Acuáticos 
910 |a Fondo General 
920 |a Impresos - Libros 
930 |a Obras de Referencia 
905 |a 102 
901 |a 0500102711  |b IT2  |c REF  |u 20250521 
902 |a https://opac.biblio.iteso.mx/vufind/Record/000166572